00505nmm a2200133Ia 4500008004100000020001800041041000800059100002600067245012700093264005500220300001800275650002700293856005100320251105s9999||||xx |||||||||||||||||und|| a9789561414587 aspa aPucheu, Juan Andrés 0aDesarrollo y eficacia organizacional :b Cómo apoyar la creación de capacidades en individuos, grupos y organizaciones a[Santiago de Chile, Chile] :bEdiciones UC, c2014 a474 páginas aEconomics and Business uhttps://public.digitaliapublishing.com/a/38233